000 00432nam a2200169Ia 4500
008 260330s2008 xx 000 0 und d
020 _a978-0-141-03625-0
041 _aeng
082 _a302
_bGLM
100 _aGLADWELL MALCOLM
245 _aOUTLIER THE STORY OF SUCCESS
260 _aPune
_bPENGUIN BOOKS LTD. PUNE
_c2008
300 _a309pg
_bPB
365 _cRs.
650 _aSocial Behavior
700 _aGLADWELL MALCOLM
999 _c1218195
_d1218195